[Event "Rilton Cup 32nd"]
[Site "Stockholm"]
[Date "2003.01.04"]
[Round "8"]
[White "Bellon Lopez, Juan Manuel"]
[Black "Moreau, Teodor"]
[Result "1-0"]
[WhiteElo "2428"]
[BlackElo "2240"]
[PlyCount "97"]
[EventDate "2002.12.27"]
[EventType "swiss"]
[EventRounds "9"]
[EventCountry "SWE"]
[SourceTitle "CBM 091 Extra"]
[Source "ChessBase"]
[SourceDate "2003.01.09"]
[SourceVersion "1"]
[SourceVersionDate "2003.01.09"]
[SourceQuality "1"]

1. d4 Nf6 2. Nf3 e6 3. c4 b6 4. Bg5 Bb7 5. Nc3 Bb4 6. Qc2 h6 7. Bh4 g5 8. Bg3 Ne4 9. Be5 Bxc3+ 10. bxc3 Rg8 11. Nd2 f5 12. f3 d6 13. fxe4 dxe5 14. d5 f4 15. e3 Nd7 16. Qa4 Kf8 17. Be2 Kg7 18. h4 fxe3 19. Nf1 Nc5 20. Qc2 Qf6 21. 0-0-0 Qf4 22. hxg5 hxg5 23. Rh3 Rh8 24. Rxe3 Rh1 25. g3 Qf6 26. Bf3 Rh7 27. Bg4 Qe7 28. Rf3 Rh1 29. Ne3 Rxd1+ 30. Kxd1 Rf8 31. Qg2 Rxf3 32. Bxf3 Na4 33. Qd2 Bc8 34. Ke2 exd5 35. cxd5 Qa3 36. Nc2 Qe7 37. Kf1 a5 38. Ne3 Bd7 39. Bg4 Nc5 40. Qg2 Qf7+ 41. Bf5 Kf8 42. Kg1 Ke7 43. Qh3 Nxe4 44. Qg4 Nf6 45. Qxg5 Kd6 46. Nc4+ Kxd5 47. Nxe5 Kxe5 48. Bg6+ Ke6 49. Qe3+ 1-0